Journal of the Krishnamurti schools (Record no. 1389616)

MARC details
000 -LEADER
fixed length control field 00527nam a2200181Ia 4500
005 - DATE AND TIME OF LATEST TRANSACTION
control field 20250508164529.0
008 - FIXED-LENGTH DATA ELEMENTS--GENERAL INFORMATION
fixed length control field 008 250505s9999 xx 000 0 eng d
037 ## - SOURCE OF ACQUISITION
Stock number Periodicals
040 ## - CATALOGING SOURCE
Original cataloging agency FEDL
Language of cataloging eng
Transcribing agency FEDL
041 ## - LANGUAGE CODE
Language code of text/sound track or separate title eng
Source of code eng
084 ## - COLON CLASSIFICATION NUMBER
Classification number 370.1, KRI
Assigning agency FEDL
245 #0 - TITLE STATEMENT
Title Journal of the Krishnamurti schools
245 #0 - TITLE STATEMENT
Statement of responsibility, etc. Krishnamurti Foundation India
546 ## - LANGUAGE NOTE
Language note Acc Nos.083240 to 242 are MACESE books
650 ## - SUBJECT ADDED ENTRY--TOPICAL TERM
Topical term or geographic name entry element Educational philosophy
942 ## - ADDED ENTRY ELEMENTS (KOHA)
Koha item type Periodicals
Classification part 370.1, KRI
Holdings
Withdrawn status Lost status Damaged status Not for loan Home library Current library Date acquired Total Checkouts Full call number Barcode Date last seen Price effective from Koha item type
        Department of Education Library Department of Education Library 2025-05-08   370.1, KRI EL0083242 2025-05-08 2025-05-08 Periodicals
Copyright @ Delhi University Library System